Oxford handbook of clinical medicine/ (Record no. 121053)

MARC details
000 -LEADER
fixed length control field 01029nam a2200301 a 4500
008 - FIXED-LENGTH DATA ELEMENTS--GENERAL INFORMATION
fixed length control field
020 ## - INTERNATIONAL STANDARD BOOK NUMBER
International Standard Book Number 9780199205141 (paperback)
040 ## - CATALOGING SOURCE
Original cataloging agency NUST
Transcribing agency NUST
049 ## - LOCAL HOLDINGS (OCLC)
Holding library MAIN
090 ## - LOCALLY ASSIGNED LC-TYPE CALL NUMBER (OCLC); LOCAL CALL NUMBER (RLIN)
Classification number (OCLC) (R) ; Classification number, CALL (RLIN) (NR) REF RC55
Local cutter number (OCLC) ; Book number/undivided call number, CALL (RLIN) LON
003 - CONTROL NUMBER IDENTIFIER
control field
005 - DATE AND TIME OF LATEST TRANSACTION
control field 20260304163009.0
100 1# - MAIN ENTRY--PERSONAL NAME
Personal name Longmore, Murray.,
-- author.
245 10 - TITLE STATEMENT
Title Oxford handbook of clinical medicine/
Statement of responsibility, etc. Murray Longmore ; Ian B Wilkinson & Supraj Rajagopalan.
250 ## - EDITION STATEMENT
Edition statement Sixth edition.
260 ## - PUBLICATION, DISTRIBUTION, ETC.
Place of publication, distribution, etc. Oxford :
Name of publisher, distributor, etc. Oxford University Press,
Date of publication, distribution, etc. 2004.
300 ## - PHYSICAL DESCRIPTION
Extent xxii, 876 pages :
Other physical details illustrations (some colour) ;
Dimensions 18 cm.
336 ## - CONTENT TYPE
Content type term text
Content type code txt
Source rdacontent
337 ## - MEDIA TYPE
Media type term unmediated
Media type code n
Source rdamedia
338 ## - CARRIER TYPE
Carrier type term volume
Carrier type code nc
Source rdacarrier
500 ## - GENERAL NOTE
General note Includes index.
650 ## - SUBJECT ADDED ENTRY--TOPICAL TERM
Topical term or geographic name entry element Clinical medicine
General subdivision Handbooks, manuals etc.
650 ## - SUBJECT ADDED ENTRY--TOPICAL TERM
Topical term or geographic name entry element Specialties, Medical
General subdivision Handbooks.
700 ## - ADDED ENTRY--PERSONAL NAME
Personal name Wilkinson, Ian B.,
-- author.
700 ## - ADDED ENTRY--PERSONAL NAME
Personal name Rajagopalan, Supraj.,
-- author.
907 ## - LOCAL DATA ELEMENT G, LDG (RLIN)
a .b10410338
b 19-10-21
c 01-10-21
942 ## - ADDED ENTRY ELEMENTS (KOHA)
Koha item type Ordinary Loan Books
Call number prefix REF RC55
Call number suffix LON
Koha issues (borrowed), all copies 1
Holdings
Date last seen Total Checkouts Full call number Barcode Date last checked out Cost, replacement price Price effective from Koha item type Lost status Source of classification or shelving scheme Damaged status Not for loan Collection Withdrawn status Home library Current library Shelving location Date acquired Cost, normal purchase price
03/24/2026 1 REF RC55 LON 92004048160 03/04/2026 80.00 01/20/2023 BOOKS   LCC     NFIC   Medical MAIN GEN 01/20/2023 80.00